Central Library OPAC University of Rajshahi

Communication policies in Ireland : (Record no. 33880)

MARC details
000 -LEADER
fixed length control field 00913nam a2200277 a 4500
001 - CONTROL NUMBER
control field 33880
003 - CONTROL NUMBER IDENTIFIER
rucl marc code BD-RjUL
005 - DATE AND TIME OF LATEST TRANSACTION
control field 20211209052055.0
008 - FIXED-LENGTH DATA ELEMENTS--GENERAL INFORMATION
fixed length control field 140511s1974 fr b i000 0 eng
020 ## - INTERNATIONAL STANDARD BOOK NUMBER
International Standard Book Number 9231011324
035 ## - SYSTEM CONTROL NUMBER
System control number (BD-RjUL)33972
040 ## - CATALOGING SOURCE
Original cataloging agency LC
Language of cataloging eng
Transcribing agency LC
Modifying agency NSL:R
-- BD-RjUL
041 ## - LANGUAGE CODE
Language code of text/sound track or separate title eng
082 04 - DEWEY DECIMAL CLASSIFICATION NUMBER
Classification number 301.1609417
Author mark and year STC 1974
100 1# - MAIN ENTRY--PERSONAL NAME
Personal name Stapleton, John,
Dates associated with a name 1938-
9 (RLIN) 102924
245 10 - TITLE STATEMENT
Title Communication policies in Ireland :
Remainder of title a study /
Statement of responsibility, etc. carried out by the Institute of Public Administration, on Foras Riarachain ; and written by John Stapleton.
260 ## - PUBLICATION, DISTRIBUTION, ETC. (IMPRINT)
Place of publication, distribution, etc. Paris :
Name of publisher, distributor, etc. Unesco Press,
Date of publication, distribution, etc. 1974.
300 ## - PHYSICAL DESCRIPTION
Pagination 73 p. ;
Size 24 cm.
500 ## - GENERAL NOTE
General note "[B]COM.73/XX.1/A."
504 ## - BIBLIOGRAPHY, ETC. NOTE
Bibliography, etc Includes bibliographical references.
650 #0 - SUBJECT ADDED ENTRY--TOPICAL TERM
Topical term or geographic name as entry element Mass media
Geographic subdivision Ireland.
9 (RLIN) 102925
710 2# - ADDED ENTRY--CORPORATE NAME
Corporate name or jurisdiction name as entry element Institute of Public Administration (Ireland)
9 (RLIN) 102926
942 ## - ADDED ENTRY ELEMENTS (KOHA)
Source of classification or shelving scheme Dewey Decimal Classification
Koha item type Books
Holdings
Lost status Source of classification or shelving scheme Damaged status Not for loan Collection code Permanent Location Current Location Shelving location Date acquired Source of acquisition Total Checkouts Full call number Date last seen Copy number Koha item type
  Dewey Decimal Classification   Not For Loan Non-fiction Central Library, University of Rajshahi Central Library, University of Rajshahi Reading Room 05/12/1981 UNESCO, Gift.   301.1609417 STC 1974 11/05/2014 C-1 Books
  Dewey Decimal Classification     Non-fiction Central Library, University of Rajshahi Central Library, University of Rajshahi   30/08/1982 UNESCO, Gift.   301.1609417 STC 1974 11/05/2014 C-2 Books